Category Elimination - Clash Royale #2 - Statistics

General Stats
  • This quiz has been taken 1,589 times
  • The average score is 13 of 20
Answer Stats
Group # Category % Correct
Green Categories 32 Cards that start or end with a vowel
95%
Green Categories 14 ... but don't start or end with E
88%
Blue Categories 31 Cards that are not troops
87%
Orange Categories 44 Cards with at least 1000 HP
86%
Orange Categories 26 ... that cannot damage air troops
85%
Orange Categories 11 ... that are only one word long
85%
Blue Categories 13 ... that contain the letter T
84%
Purple Categories 34 Cards that cost at least 5 elixir
82%
Orange Categories 5 ... that contain the letter K
79%
Blue Categories 7 ... that cost 4 or less elixir
77%
Green Categories 8 ... that have a range/radius of at least 4
76%
Purple Categories 22 ... that contain a Scrabble letter with a value of at least 4
74%
Blue Categories 3 ... that can move or knock back troops
59%
Purple Categories 8 ... that move at Medium speed
58%
Orange Categories 1 ... that cost 3 elixir Knight
57%
Blue Categories 1 ... that are of the Legendary rarity The Log
48%
Purple Categories 5 ... that are two words long
43%
Green Categories 3 ... that contain the letter O
31%
Green Categories 1 ... that are buildings Inferno Tower
25%
Purple Categories 1 ... that are of the Rare rarity Three Musketeers
18%
No matching quizzes found
Score Distribution
Percent of People with Each Score
Percentile by Number Answered
Your Score History
You have not taken this quiz